| 000 | 00701nam a22002297a 4500 | ||
|---|---|---|---|
| 005 | 20170124110224.0 | ||
| 010 | _aB-012261 | ||
| 020 |
_c00.00 _a0521630878 |
||
| 035 | _aB-012261 | ||
| 037 | _bCen Lib/Ret | ||
| 040 |
_aDPL _bEN |
||
| 082 |
_a523.1 _bNAR |
||
| 100 |
_aNarlikar, Jayant V. _920196 |
||
| 245 |
_aSeven wonders of the Cosmos / _cby Jayant V. Narlikar |
||
| 260 |
_aCambridge _bCambridge University Press _c1999 |
||
| 270 |
_aThe Pitt Building, Trumpington Street _bCambridge |
||
| 300 |
_a324p. : _c21cm(pbk) _bill. |
||
| 500 | _aIncludes index | ||
| 650 |
_aAstronomy _9100301 |
||
| 650 |
_aAstronomy -- Popular works _940391 |
||
| 942 |
_2ddc _cEN _h523.1 _mNAR |
||
| 999 |
_c134308 _d134308 |
||